000 00500cam a22001457a 4500
008 180718b1958 xxu||||| |||| 00| 0 eng d
082 _aF1 St62
100 _aStock, Dorothy
245 _aEmotional dynamics and group culture: experimental studies of individual and group behavior
_cby Dorothy Stock and Herbert A. Thelen
260 _aWashington
_bNational Training Laboratories
_c1958
300 _axviii, 296p
650 _aEmotions
650 _aSocial interaction
700 _aThelen, Herbert A.
999 _c426025
_d426025